| 000 | 01075cam a22002652 4500 | ||
|---|---|---|---|
| 001 | 0000025559 | ||
| 005 | 20151217154600.0 | ||
| 008 | 151026s xx 000 0 eng d | ||
| 020 | _a0414028074 : | ||
| 040 |
_aKABU _cKABU |
||
| 245 | 1 | 0 |
_aBullen & Leake & Jacob's precedents of pleadings : _bfirst cumulative supplement to the seventeenth edition / _cGeneral editors, Justice Blair ... [et al.] |
| 250 | _a17th ed. | ||
| 260 |
_aLondon : _bSweet & Maxwell, _c2014. |
||
| 300 | _axiii, 329 p. | ||
| 650 | 0 |
_aPleadings _xForms _zGreat Britain. _@0000181799 |
|
| 650 | 0 |
_aCivil procedures _xForms _zGreat Britain. _@0000181800 |
|
| 700 | 1 |
_aBlair, Justice. _@0000181801 |
|
| 852 | 1 | _9p190500 KES | |
| 852 | 1 | _9p190500 KES | |
| 852 | 1 | _9p190500 KES | |
| 852 | 1 | _9p190500 KES | |
| 852 | 1 | _9p190500 KES | |
| 908 | _a151026 | ||
| 950 | _@1 | ||
| 999 |
_c11804 _d11804 |
||